000 00273nam a2200109Ia 4500
008 190913s9999||||xx |||||||||||||| ||und||
100 _aJ.H.Clemens
245 0 _aBalance Sheets and the Lending Banker
260 _aKarachi
_bUnion book
_c2000
300 _a579
942 _cBK
999 _c8090
_d8090